Réponses avec le mot "Terre" - Statistiques

Statistiques générales
  • Ce quiz a été pris 1 492 fois
  • Le résultat moyen est 9 sur 16
Statistiques - réponses
Indice Réponse % Correct
Aliment très présent dans le gratin dauphinois La pomme de terre
99%
Autre nom donné au séisme Le tremblement de terre
96%
C'est l'une des composantes des forces armées d'un pays combattant principalement au sol L'armée de terre
78%
Revêtement de certains terrains de tennis et surface sur laquelle se déroule le Tournoi de Roland-Garros Terre battue
74%
Un logement que l'on occupe occasionellement Un pied-à-terre
66%
Race de chien originaire d'une île canadienne du même nom Terre-neuve
65%
Nom donné par les chrétiens à la région où est né et a vécu Jésus-Christ La Terre sainte
64%
Célèbre roman d'aventures écrit par Jules Verne et publié en 1864, dont le narrateur se nomme Axel Lidenbrock Voyage au centre de la Terre
56%
Continent fictif créé par J.R.R Tolkien, servant notamment de cadre pour la trilogie du Seigneur des Anneaux La Terre du Milieu
55%
Le chef-lieu de la Guadeloupe Basse-Terre
50%
Emission de télévision française présentée par Raphaël de Casabianca et anciennement par Frédéric Lopez Rendez-vous en terre inconnue
49%
Archipel qui se situe tout au sud du continent sud-américain La Terre de Feu
48%
Animal prénommé "Jim" dans une série de jeux vidéo de plate-forme créée en 1994 par Shiny Entertainment Ver de terre
40%
Roi d'Angleterre de 1199 à 1216 Jean sans Terre
38%
Destination touristique italienne située dans la province de La Spezia et classée au Patrimoine mondial de l'UNESCO Cinque Terre
32%
Chanson de Christophe Maé sortie en 2007 C'est ma terre
30%
Aucun quiz correspondant
Distribution des résultats
% des personnes avec chaque résultat
Percentile par nombre de réponses
Votre historique - résultats
Vous n’avez pas pris ce quiz